000 00372nam a2200145Ia 4500
008 151213s9999 xx 000 0 und d
100 _aKazi Kayum Shishir
245 _aByron : Tom Jhon
_cKazi Kayum Shishir
260 _aDhaka
_c1998
300 _a8393 p.
650 _aEnglish Literature
650 _aEnglish Literature
700 _aKazi Kayum Shishir
999 _c4231
_d4231